| 000 | 00873cam a2200229 a 4500 | ||
|---|---|---|---|
| 003 | OSt | ||
| 005 | 20200907144711.0 | ||
| 008 | 020920t 2002ck r 001 0 spa d | ||
| 020 | _a9586166139 | ||
| 040 |
_aCO-BoPUJ _cCO-JMR |
||
| 041 | 0 | _aspa | |
| 082 | 0 | 4 |
_a346.86102 / _bH662t _223 |
| 100 | 1 |
_aHinestrosa Forero, Fernando _eautor _99898 |
|
| 245 | 1 | 0 |
_aTratado de las obligaciones : _bconcepto, estructuras y vicisitudes / _cFernando Hinestrosa |
| 260 |
_aBogotá : _bUniversidad Externado de Colombia, _c2002. |
||
| 300 |
_a963 páginas : _c24 cm. |
||
| 504 | _aIncluye referencias bibliográficas páginas. 887-900. | ||
| 505 | 0 | _aConcepto de obligación. -- Estructura de la relación obligatoria. -- Las obligaciones complejas. -- Vicisitudes de la obligación. | |
| 650 | 2 | 4 |
_aObligaciones (Derecho) _99833 |
| 650 | 2 | 4 |
_aDerecho civil _99899 |
| 942 |
_2ddc _cBK |
||
| 999 |
_c6824 _d6824 |
||